000 00370 a2200157 4500
001 170837
020 _a
040 _cMagnum
100 _aCotrim, Gilberto
240 1 0 _aHistoria para o ensino medio: brasil e geral
_lpor
245 1 0 _aHistoria para o ensino medio: brasil e geral
362 0 _a1899
440 1 _aSaraiva
697 _aPARADIDATICO
942 _cBK
999 _c170837
_d170837